[Event "GER-chT U14 Girls"]
[Site "Greifswald"]
[Date "2001.12.29"]
[Round "5.4"]
[White "Dobratz, Jessica"]
[Black "Kleineberg, Tabea Konstanze"]
[Result "1-0"]
[WhiteElo "100"]
[BlackElo "100"]
[PlyCount "55"]
[EventDate "2001.12.27"]
[EventType "team-swiss"]
[EventRounds "7"]
[EventCountry "GER"]
[SourceTitle "EXT 2003"]
[Source "ChessBase"]
[SourceDate "2002.11.25"]
[SourceVersion "1"]
[SourceVersionDate "2002.11.25"]
[SourceQuality "1"]
[WhiteTeam "Neuenbuerg U14 Girls"]
[BlackTeam "Hemer U14 Girls"]
[WhiteTeamCountry "GER"]
[BlackTeamCountry "GER"]

1. e4 e5 2. Nf3 Nc6 3. Nc3 Bc5 4. Bc4 Nf6 5. d3 d6 6. Ng5 h6 7. Nxf7 Bg4 8. f3 Qe7 9. Nxh8 Bh5 10. g4 Na5 11. gxh5 Nxh5 12. Bf7+ Kf8 13. Ng6+ Kxf7 14. Nxe7 Kxe7 15. Nd5+ Kd8 16. b4 Bb6 17. bxa5 Bxa5+ 18. Bd2 b6 19. Bxa5 bxa5 20. Rb1 g5 21. Qd2 Ng7 22. Qxa5 Ke8 23. Nxc7+ Ke7 24. Nxa8 Ne8 25. Rb7+ Kf8 26. Qd8 h5 27. Qe7+ Kg8 28. Qxe8# 1-0

[Event "GER-chT U14 Girls"]
[Site "Greifswald"]
[Date "2001.12.28"]
[Round "3.4"]
[White "Dobratz, Jessica"]
[Black "Sandrou, Fotini"]
[Result "0-1"]
[WhiteElo "100"]
[BlackElo "865"]
[PlyCount "88"]
[EventDate "2001.12.27"]
[EventType "team-swiss"]
[EventRounds "7"]
[EventCountry "GER"]
[SourceTitle "EXT 2003"]
[Source "ChessBase"]
[SourceDate "2002.11.25"]
[SourceVersion "1"]
[SourceVersionDate "2002.11.25"]
[SourceQuality "1"]
[WhiteTeam "Neuenbuerg U14 Girls"]
[BlackTeam "Heumaden U14 Girls"]
[WhiteTeamCountry "GER"]
[BlackTeamCountry "GER"]

1. e4 c6 2. d3 d5 3. exd5 cxd5 4. c4 e6 5. Nf3 Nf6 6. Qa4+ Bd7 7. Qb3 Qc7 8. Qc3 Bc5 9. d4 Ne4 10. Qe3 Bb4+ 11. Bd2 Nc6 12. Bxb4 Nxb4 13. Qb3 Qa5 14. Nc3 Nxc3 15. bxc3 Nc6 16. Be2 b6 17. 0-0 Rb8 18. Ng5 dxc4 19. Bxc4 Nd8 20. d5 b5 21. a4 b4 22. Ne4 0-0 23. Qb1 exd5 24. Ng5 g6 25. Bd3 Ne6 26. Nf3 bxc3 27. Qe1 Bxa4 28. Bc2 Nc5 29. Ne5 Rfe8 30. f4 Qb4 31. Ng4 Rxe1 32. Rfxe1 Qd4+ 33. Kf1 Bxc2 34. Re7 Bd3+ 35. Ke1 c2 36. Rc1 Rb1 37. Rxb1 cxb1Q+ 38. Kd2 Qc2+ 39. Ke1 Qdf2+ 40. Nxf2 Qc1+ 41. Nd1 a5 42. Ra7 Nb3 43. Kf2 Qxd1 44. Ke3 Qe2# 0-1